00893cam a2200241 a 4500003000500000005001700005008004100022010001000063011001000073035001000083040000900093100002900102245019300131260004100324300002200365500009300387650002800480650002200508650002000530650003700550650003100587650003300618CHAP20220817043800.0010725d2001 mx 00 spa d a84317 a85289 a95822 cCHAP00aReyes Purata, Alejandro.03aLa viabilidad del minifundio ante las políticas agrícolas y agrarias del estado (Estudio de caso : Ejido Venustiano Carranza, Mpio. de Cárdenas, Tabasco)c/por Alejandro Reyes Purata aChapingo, Méx. :bEl autor,c2001. a157 h. :bcuadros aTesis (Ing. Agr. Esp. en Sociología Rural) -- UACH. Departamento de Sociología Rural14aDesarrollo sustentable.14aEjidoszMéxico.14aPlan Chontalpa.14aPolítica agrícolazMéxico.14aReforma agrariazMéxico.14aTierrasxTenenciazMéxico.